<?xml version="1.0" encoding="UTF-8"?>
<collection xmlns="http://www.loc.gov/MARC21/slim">
<record>
  <controlfield tag="001">156517</controlfield>
  <controlfield tag="005">20250516093847.0</controlfield>
  <datafield tag="037" ind1=" " ind2=" ">
    <subfield code="a">TAZ-TFG-2015-819</subfield>
  </datafield>
  <datafield tag="041" ind1=" " ind2=" ">
    <subfield code="a">spa</subfield>
  </datafield>
  <datafield tag="100" ind1="1" ind2=" ">
    <subfield code="a">López Arango, Sandra</subfield>
  </datafield>
  <datafield tag="245" ind1="0" ind2="0">
    <subfield code="a">Miedo a la muerte en estudiantes de enfermería de Teruel</subfield>
  </datafield>
  <datafield tag="260" ind1=" " ind2=" ">
    <subfield code="a">Zaragoza</subfield>
    <subfield code="b">Universidad de Zaragoza</subfield>
    <subfield code="c">2015</subfield>
  </datafield>
  <datafield tag="506" ind1=" " ind2=" ">
    <subfield code="a">by-nc-sa</subfield>
    <subfield code="b">Creative Commons</subfield>
    <subfield code="c">3.0</subfield>
    <subfield code="u">http://creativecommons.org/licenses/by-nc-sa/3.0/</subfield>
  </datafield>
  <datafield tag="520" ind1=" " ind2=" ">
    <subfield code="a">Las personas, aunque saben que van morir, desconocen el porqué mueren y qué sigue después de la muerte. Este desconocimiento puede ser traducido en diferentes emociones como miedo y ansiedad. El fenómeno de la muerte es importante para todas las personas, pero para el personal sanitario es especialmente relevante. Los estudiantes de enfermería tampoco son ajenos a vivir y sobrellevar la muerte de un paciente y su proceso. Ésta es una de las experiencias más estresantes a las que deberá enfrentarse a lo largo de sus prácticas clínicas. El objetivo de este estudio es evaluar el miedo frente a la muerte tanto propia como ajena de los actuales estudiantes de enfermería de Teruel y su relación con diferentes variables sociodemográficas. Se trata de un estudio observacional, descriptivo y transversal, en el que los estudiantes tuvieron que contestar a un autoinforme que contenía algunas variables sociodemográficas y la escala de miedo a la muerte de Collet-Lester. Se observó que los estudiantes se preocupan más por la muerte ajena que por la suya propia. Las mujeres son las que reflejan sentir mayor ansiedad. Según el curso académico, se observa significación estadística en la subescala del propio proceso de morir. Respecto a la edad, en la tercera subescala miedo al morir de otros, manifiestan mayor preocupación los más jóvenes.  En conclusión podemos afirmar que los  actuales alumnos de la Escuela de enfermería de Teruel manifiestan una preocupación moderada-alta con respecto a la muerte, es interesante conocer dichas actitudes y emociones así como sus variables relacionadas para programar una formación específica. Evidentemente ninguna terapia o intervención puede cambiar el hecho de que la muerte llegará, pero sí se puede reducir su efecto ansiógeno.&lt;br /></subfield>
  </datafield>
  <datafield tag="521" ind1=" " ind2=" ">
    <subfield code="a">Graduado en Enfermería</subfield>
  </datafield>
  <datafield tag="540" ind1=" " ind2=" ">
    <subfield code="a">Derechos regulados por licencia Creative Commons</subfield>
  </datafield>
  <datafield tag="700" ind1=" " ind2=" ">
    <subfield code="a">Esteban Bellido, Palmira</subfield>
    <subfield code="e">dir.</subfield>
  </datafield>
  <datafield tag="710" ind1="2" ind2=" ">
    <subfield code="a">Universidad de Zaragoza</subfield>
    <subfield code="b">Fisiatría y Enfermería</subfield>
    <subfield code="c">Enfermería</subfield>
  </datafield>
  <datafield tag="856" ind1="0" ind2=" ">
    <subfield code="f">649576@celes.unizar.es</subfield>
  </datafield>
  <datafield tag="856" ind1="4" ind2=" ">
    <subfield code="s">499612</subfield>
    <subfield code="u">http://zaguan.unizar.es/record/156517/files/TAZ-TFG-2015-819.pdf</subfield>
    <subfield code="y">Memoria (spa)</subfield>
  </datafield>
  <datafield tag="909" ind1="C" ind2="O">
    <subfield code="o">oai:zaguan.unizar.es:156517</subfield>
    <subfield code="p">driver</subfield>
    <subfield code="p">trabajos-fin-grado</subfield>
  </datafield>
  <datafield tag="950" ind1=" " ind2=" ">
    <subfield code="a"></subfield>
  </datafield>
  <datafield tag="980" ind1=" " ind2=" ">
    <subfield code="a">TAZ</subfield>
    <subfield code="b">TFG</subfield>
    <subfield code="c">ENFTER</subfield>
  </datafield>
  <datafield tag="951" ind1=" " ind2=" ">
    <subfield code="a">deposita:2025-05-16</subfield>
  </datafield>
</record>
</collection>